| 000 | 00351 a2200157 4500 | ||
|---|---|---|---|
| 001 | 75354 | ||
| 020 | _a97885356628395 | ||
| 040 | _cAnchieta - Colégio São Paulo | ||
| 100 | _aAlbergaria, Lino de | ||
| 240 | 1 | 0 |
_aO livro da Lola _lpor |
| 245 | 1 | 0 | _aO livro da Lola |
| 300 | _a135 | ||
| 362 | 0 | _a2011 | |
| 650 | 4 | _aLiteratura juvenil | |
| 942 | _cBK | ||
| 999 |
_c75354 _d75354 |
||